[Event "CAN-ch U20 2006"]
[Site "Kitchener CAN"]
[Date "2006.07.12"]
[Round "6"]
[White "Cheng, Bindi"]
[Black "Kraiouchkine, Nikita"]
[Result "1-0"]
[WhiteElo "2197"]
[BlackElo "1769"]
[PlyCount "151"]
[EventDate "2006.07.10"]
[EventType "tourn"]
[EventRounds "7"]
[EventCountry "CAN"]

1. e4 e5 2. Nc3 Nf6 3. Bc4 Nc6 4. d3 Bb4 5. Bg5 d6 6. Nge2 Nd4 7. O-O Bg4 8. f3
Nxe2+ 9. Nxe2 Be6 10. Bxe6 fxe6 11. c3 Bc5+ 12. Kh1 h6 13. Bxf6 Qxf6 14. f4 O-O
15. Rf3 Qg6 16. Qb3 Kh7 17. Raf1 Bb6 18. Qc2 Rf6 19. d4 Raf8 20. dxe5 dxe5 21.
f5 exf5 22. exf5 Qf7 23. b3 Kh8 24. Ng3 Rd6 25. Ne4 Rd5 26. Qc1 Rfd8 27. f6 Rd3
28. fxg7+ Qxg7 29. h3 Rg8 30. Qc2 Re3 31. Ng3 Qg5 32. Rxe3 Qxe3 33. Nf5 Qg5 34.
Qe4 Qf6 35. Ne3 Qg7 36. Ng4 c6 37. Rf6 Qg5 38. Rxh6+ Kg7 39. Rh7+ Kf8 40. Qf3+
Qf4 41. Nxe5 Qxf3 42. Nxf3 Rg7 43. Rxg7 Kxg7 44. g4 Kf6 45. Kg2 Bc7 46. c4 Bf4
47. Kf2 Ke6 48. Ke2 Kd6 49. Kd3 Kc5 50. a4 b5 51. axb5 cxb5 52. cxb5 Kxb5 53.
g5 Kc5 54. h4 Kd6 55. Ke4 Bc1 56. Kf5 Ke7 57. Ne5 Kf8 58. h5 a5 59. Nc6 Bd2 60.
Kg6 Kg8 61. Ne7+ Kh8 62. Kf7 Bxg5 63. Nc6 Kh7 64. Nxa5 Kh6 65. Nc4 Kxh5 66. b4
Bh4 67. Ke6 Bf2 68. Ne5 Kg5 69. Nd3 Be3 70. Nc5 Kg6 71. Kd6 Kf7 72. b5 Ke8 73.
b6 Kd8 74. Kc6 Bg1 75. b7 Bh2 76. Ne6+ 1-0

[Event "CAN-ch U20 2006"]
[Site "Kitchener CAN"]
[Date "2006.07.13"]
[Round "7"]
[White "Kraiouchkine, Nikita"]
[Black "Zhou, Haonan"]
[Result "1/2-1/2"]
[WhiteElo "1769"]
[BlackElo "1821"]
[PlyCount "84"]
[EventDate "2006.07.10"]
[EventType "tourn"]
[EventRounds "7"]
[EventCountry "CAN"]

1. e4 e6 2. d4 d5 3. e5 c5 4. c3 Nc6 5. Nf3 Qb6 6. a3 c4 7. Nbd2 Na5 8. b4 cxb3
9. Bb2 Bd7 10. c4 Nxc4 11. Nxc4 dxc4 12. Bxc4 Bb5 13. Rc1 Ne7 14. Bxb5+ Qxb5
15. Rc5 Qd7 16. Qxb3 Nd5 17. Rc2 Be7 18. O-O O-O 19. Rfc1 Rfc8 20. Bc3 Rc6 21.
g3 Rac8 22. Ne1 Rb6 23. Bb4 Rxc2 24. Qxc2 Rc6 25. Qb2 Rxc1 26. Qxc1 Nxb4 27.
axb4 Bxb4 28. Nd3 a5 29. Nxb4 axb4 30. Qc4 b5 31. Qxb4 Qd5 32. Kf1 h6 33. Ke2
Qa2+ 34. Ke3 Qd5 35. f4 g5 36. fxg5 hxg5 37. Qe7 Qb3+ 38. Ke2 Qc2+ 39. Ke3 Qc1+
40. Ke2 Qc2+ 41. Ke3 Qc3+ 42. Ke2 Qc2+ 1/2-1/2

[Event "CAN-ch U20 qual."]
[Site "Kitchener CAN"]
[Date "2006.07.08"]
[Round "1"]
[White "Kraiouchkine, Nikita"]
[Black "Huang, Richard"]
[Result "1/2-1/2"]
[WhiteElo "2019"]
[BlackElo "1801"]
[PlyCount "57"]
[EventDate "2006.07.03"]
[EventType "swiss"]
[EventRounds "4"]
[EventCountry "CAN"]

1. e4 c5 2. Nf3 e6 3. d4 cxd4 4. Nxd4 a6 5. c4 Nf6 6. Nc3 Bb4 7. Qf3 Qc7 8. Bd3
Nc6 9. Nxc6 dxc6 10. O-O e5 11. Qg3 g6 12. Bc2 Be6 13. Bg5 Nh5 14. Qd3 h6 15.
Be3 Nf4 16. Bxf4 exf4 17. a3 Bd6 18. Rfd1 O-O-O 19. Qe2 f3 20. Qxf3 Bxh2+ 21.
Kh1 Be5 22. c5 h5 23. Qe3 Qe7 24. Kg1 Qh4 25. g3 Qh3 26. Bd3 h4 27. Bf1 Qg4 28.
Be2 Qh3 29. Bf1 1/2-1/2

[Event "CAN-ch U20 qual."]
[Site "Kitchener CAN"]
[Date "2006.07.08"]
[Round "2"]
[White "Kaufman, Harris"]
[Black "Kraiouchkine, Nikita"]
[Result "0-1"]
[WhiteElo "1758"]
[BlackElo "2019"]
[PlyCount "42"]
[EventDate "2006.07.03"]
[EventType "swiss"]
[EventRounds "4"]
[EventCountry "CAN"]

1. e4 e5 2. Nf3 Nc6 3. d4 exd4 4. Bc4 Nf6 5. O-O Be7 6. Nxd4 Nxe4 7. Re1 d5 8.
Nxc6 bxc6 9. Bd3 O-O 10. Qe2 Bf5 11. Nd2 Re8 12. Bxe4 dxe4 13. g4 Bg6 14. Qa6
Bd6 15. h3 Qh4 16. Kg2 f5 17. gxf5 Bxf5 18. Re3 Re6 19. Qc4 Kh8 20. Qb3 Rg6+
21. Kh1 Qxf2 0-1

[Event "CAN-ch U20 qual."]
[Site "Kitchener CAN"]
[Date "2006.07.08"]
[Round "3"]
[White "Kraiouchkine, Nikita"]
[Black "Xiong, Jerry"]
[Result "1-0"]
[WhiteElo "2019"]
[BlackElo "1896"]
[PlyCount "187"]
[EventDate "2006.07.03"]
[EventType "swiss"]
[EventRounds "4"]
[EventCountry "CAN"]

1. e4 c5 2. Nf3 d6 3. d4 cxd4 4. Nxd4 Nf6 5. Nc3 g6 6. Be3 Bg7 7. Be2 O-O 8.
O-O Nc6 9. f4 Qb6 10. Qd3 Ng4 11. Nd5 Qc5 12. Nxc6 Nxe3 13. Ncxe7+ Kh8 14. Nxe3
Bxb2 15. Rab1 Bd4 16. N7d5 b6 17. Kh1 Bg7 18. Qc4 Bb7 19. Qxc5 dxc5 20. Rfd1
Rae8 21. Bf3 Bd4 22. e5 f6 23. Nc4 Bxd5 24. Bxd5 fxe5 25. fxe5 Bxe5 26. Nxe5
Rxe5 27. Bf3 Rf7 28. h3 Kg7 29. Rd6 Rfe7 30. Rbd1 Kh6 31. Kh2 Re3 32. R1d3 Re1
33. Rd7 R1e5 34. Rxe7 Rxe7 35. Kg3 Kg5 36. Bg4 h5 37. h4+ Kf6 38. Rd6+ Kf7 39.
Bf3 Kg7 40. Kf4 Rf7+ 41. Ke5 Rf5+ 42. Ke4 Rf7 43. Kd5 Rf4 44. Kc6 Rxh4 45. Bd5
Ra4 46. Re6 c4 47. Be4 Rxa2 48. Rxg6+ Kf7 49. Rg5 h4 50. Rh5 Kf6 51. Rxh4 Ra5
52. Kd6 Kg5 53. Rh7 Kf4 54. Bd5 Ra2 55. Rh4+ Kg5 56. Rxc4 Ra1 57. Ke5 a5 58.
Rc3 Re1+ 59. Be4 Kg4 60. Rb3 a4 61. Rxb6 a3 62. Ra6 Ra1 63. Kd4 Kf4 64. Bf3 Ra2
65. Kc3 Kg5 66. Kb3 Rb2+ 67. Kxa3 Rxc2 68. Kb3 Rc7 69. Ra4 Rc5 70. Rc4 Re5 71.
Kc3 Re7 72. Kd3 Rd7+ 73. Rd4 Re7 74. Be4 Ra7 75. Ke3 Ra3+ 76. Rd3 Ra7 77. Rd8
Ra3+ 78. Bd3 Ra7 79. Rg8+ Kf6 80. g4 Ra5 81. Kf4 Ra4+ 82. Be4 Kf7 83. Rb8 Ra5
84. Bf5 Kf6 85. Rb6+ Kg7 86. Kg5 Ra7 87. Rd6 Ra8 88. Rd7+ Kg8 89. Kf6 Ra6+ 90.
Be6+ Kh8 91. Rd8+ Kh7 92. g5 Ra8 93. g6+ Kh6 94. Rxa8 1-0

[Event "St-Jean"]
[Site "Quebec CAN"]
[Date "2006.06.23"]
[Round "1"]
[White "Kraiouchkine, Nikita"]
[Black "Bourassa, Samuel"]
[Result "0-1"]
[WhiteElo "2066"]
[BlackElo "1677"]
[PlyCount "64"]
[EventDate "2006.06.23"]
[EventType "swiss"]
[EventRounds "5"]
[EventCountry "CAN"]

1. e4 c5 2. Nf3 d6 3. d4 cxd4 4. Nxd4 Nf6 5. Nc3 a6 6. f4 Qc7 7. a4 b6 8. Be2
Bb7 9. Bf3 g6 10. O-O Bg7 11. Be3 Nbd7 12. Re1 O-O 13. g4 e5 14. Nde2 Nc5 15.
Ng3 Rad8 16. f5 gxf5 17. Nxf5 Nfxe4 18. Nxe4 Bxe4 19. Bxe4 Nxe4 20. Qf3 d5 21.
Qh3 f6 22. Rad1 Rd7 23. Re2 Rc8 24. Kg2 Qc6 25. Bc1 Qxa4 26. b3 Qc6 27. g5 Nc3
28. gxf6 Bxf6 29. Qg4+ Kh8 30. Kf1 Nxe2 31. Bh6 Nf4 32. h4 Rg8 0-1

[Event "St-Jean"]
[Site "Quebec CAN"]
[Date "2006.06.25"]
[Round "6"]
[White "Trinh, Tri Bao"]
[Black "Kraiouchkine, Nikita"]
[Result "1/2-1/2"]
[WhiteElo "2011"]
[BlackElo "2066"]
[PlyCount "35"]
[EventDate "2006.06.23"]
[EventType "swiss"]
[EventRounds "5"]
[EventCountry "CAN"]

1. e4 e5 2. Nf3 Nc6 3. d4 exd4 4. Bc4 Nf6 5. O-O Be7 6. e5 Ne4 7. Bd5 Nc5 8.
Re1 O-O 9. Nxd4 Nxd4 10. Qxd4 c6 11. Bf3 d5 12. exd6 Qxd6 13. Qxd6 Bxd6 14. Be3
Bf5 15. Nd2 Ne6 16. Ne4 Bc7 17. Rad1 Rfd8 18. c3 1/2-1/2

[Event "Quebec-ch 1/2 final"]
[Site "Montreal CAN"]
[Date "2006.06.16"]
[Round "1"]
[White "Roy, Myriam"]
[Black "Kraiouchkine, Nikita"]
[Result "1-0"]
[WhiteElo "1723"]
[BlackElo "2066"]
[PlyCount "141"]
[EventDate "2006.06.16"]
[EventType "swiss"]
[EventRounds "5"]
[EventCountry "CAN"]

1. e4 e5 2. Nf3 Nc6 3. d4 exd4 4. Nxd4 Nf6 5. Nxc6 bxc6 6. e5 Qe7 7. Qe2 Nd5 8.
c4 Ba6 9. b3 g6 10. g3 Bg7 11. Bb2 O-O 12. Bg2 Rfe8 13. O-O d6 14. Qd2 dxe5 15.
Qa5 Nb4 16. Ba3 Rab8 17. Bxb4 Qxb4 18. Qxa6 e4 19. a3 Qxb3 20. Nd2 Qc2 21. Rad1
Rbd8 22. Qxc6 Re6 23. Bxe4 Qxd1 24. Rxd1 Rxc6 25. Bxc6 Rd3 26. Kf1 Rxa3 27. Ne4
Ra1 28. Rxa1 Bxa1 29. Nc5 Kf8 30. Na6 Ke7 31. Bd5 Kd6 32. Bxf7 Kc6 33. Nb4+ Kc5
34. Nc2 Bb2 35. Ne3 a5 36. Ke2 Bd4 37. Kd3 c6 38. Bg8 h6 39. Bf7 g5 40. f4 gxf4
41. gxf4 a4 42. Nf5 Bh8 43. Kc2 Kb4 44. Kb1 Kb3 45. c5+ Kb4 46. Nxh6 Kxc5 47.
Ka2 Kd4 48. f5 c5 49. Ka3 c4 50. Kxa4 c3 51. Bb3 Kd3 52. Ng4 c2 53. Bxc2+ Kxc2
54. h4 Kd3 55. f6 Bxf6 56. Nxf6 Kd4 57. h5 Ke5 58. Ng4+ Kf5 59. h6 Kg6 60. Kb5
Kh7 61. Kc5 Kg6 62. Kd6 Kh7 63. Ke7 Kg6 64. Ke8 Kh7 65. Kf8 Kh8 66. Kf7 Kh7 67.
Kf6 Kg8 68. Kg6 Kh8 69. Nh2 Kg8 70. Nf3 Kh8 71. Ng5 1-0

[Event "Quebec-ch 1/2 final"]
[Site "Montreal CAN"]
[Date "2006.06.17"]
[Round "2"]
[White "Kraiouchkine, Nikita"]
[Black "Dupont, Alain"]
[Result "1-0"]
[WhiteElo "2066"]
[BlackElo "1765"]
[PlyCount "69"]
[EventDate "2006.06.16"]
[EventType "swiss"]
[EventRounds "5"]
[EventCountry "CAN"]

1. e4 e6 2. d4 d5 3. e5 c5 4. c3 Nc6 5. Nf3 Qb6 6. a3 c4 7. Nbd2 Na5 8. g3 Bd7
9. h4 h6 10. Bh3 Be7 11. Qc2 O-O-O 12. Rb1 Nb3 13. Nxb3 Ba4 14. Nfd2 h5 15. f4
Nh6 16. Nf1 Bxb3 17. Qf2 Rdf8 18. Ne3 f5 19. exf6 gxf6 20. Nxd5 Qd6 21. Qe2 f5
22. Nxe7+ Qxe7 23. Be3 Rfg8 24. Bf2 Qd6 25. Kd2 Ng4 26. Bxg4 Rxg4 27. Rbe1 Re8
28. Qe5 Qxe5 29. Rxe5 Kd7 30. Rhe1 Rgg8 31. d5 exd5 32. Rxd5+ Kc6 33. Rc5+ Kd6
34. Ree5 Rxe5 35. Rxe5 1-0

[Event "Quebec-ch 1/2 final"]
[Site "Montreal CAN"]
[Date "2006.06.17"]
[Round "3"]
[White "Kraiouchkine, Nikita"]
[Black "Arsenault, Nicolas"]
[Result "0-1"]
[WhiteElo "2066"]
[BlackElo "2090"]
[PlyCount "70"]
[EventDate "2006.06.16"]
[EventType "swiss"]
[EventRounds "5"]
[EventCountry "CAN"]

1. e4 e6 2. d4 d5 3. e5 c5 4. c3 Nc6 5. Nf3 Bd7 6. a3 f6 7. b4 cxd4 8. cxd4
fxe5 9. b5 Na5 10. Nxe5 Nf6 11. Bg5 Bd6 12. Bd3 O-O 13. O-O Rc8 14. Re1 Nc4 15.
Nd2 Nxd2 16. Qxd2 Qe8 17. Re3 Bxb5 18. Rae1 Bxd3 19. Bxf6 Rxf6 20. Qxd3 Bxe5
21. Rxe5 Qa4 22. Qe3 Qd7 23. g3 Rc6 24. f4 g6 25. h4 h5 26. Rg5 Kf7 27. Qe5 Qc7
28. Qe2 Rc2 29. Qb5 Qc6 30. Qb4 b6 31. f5 Rxf5 32. g4 Qc7 33. Rxf5+ gxf5 34.
Re5 hxg4 35. Re1 Qh2+ 0-1

[Event "Quebec-ch 1/2 final"]
[Site "Montreal CAN"]
[Date "2006.06.18"]
[Round "4"]
[White "Sicotte, Marc"]
[Black "Kraiouchkine, Nikita"]
[Result "0-1"]
[WhiteElo "2054"]
[BlackElo "2066"]
[PlyCount "68"]
[EventDate "2006.06.16"]
[EventType "swiss"]
[EventRounds "5"]
[EventCountry "CAN"]

1. e4 e5 2. Ne2 Nc6 3. Nbc3 Nf6 4. g3 d5 5. exd5 Nxd5 6. Bg2 Be6 7. O-O Qd7 8.
d3 O-O-O 9. Be3 f5 10. Qc1 h6 11. Nxd5 Bxd5 12. Bxd5 Qxd5 13. f4 Bc5 14. Nc3
Qd6 15. fxe5 Qxe5 16. Bxc5 Qxc5+ 17. Kh1 Rde8 18. Qd2 Nd4 19. Rae1 Rxe1 20.
Rxe1 Qc6+ 21. Qg2 Qxg2+ 22. Kxg2 Nxc2 23. Re7 g5 24. Nb5 Kb8 25. a3 Rd8 26. Re2
a6 27. Nxc7 Nd4 28. Re7 Nc6 29. Ne6 Rxd3 30. Rh7 Rd2+ 31. Kh1 Rxb2 32. h4 gxh4
33. gxh4 Ne5 34. Rxh6 Nf3 0-1

[Event "Quebec-ch 1/2 final"]
[Site "Montreal CAN"]
[Date "2006.06.18"]
[Round "5"]
[White "Ye, Ling Feng"]
[Black "Kraiouchkine, Nikita"]
[Result "1-0"]
[WhiteElo "2065"]
[BlackElo "2066"]
[PlyCount "115"]
[EventDate "2006.06.16"]
[EventType "swiss"]
[EventRounds "5"]
[EventCountry "CAN"]

1. e4 e5 2. Nf3 Nc6 3. Bb5 a6 4. Bxc6 dxc6 5. O-O Bg4 6. h3 Bxf3 7. Qxf3 Qd7 8.
d3 Bc5 9. Nd2 O-O-O 10. Nc4 f6 11. Be3 Bxe3 12. Nxe3 Ne7 13. b4 Qe6 14. a4 h5
15. Rfb1 g6 16. b5 a5 17. b6 f5 18. Nc4 g5 19. bxc7 Rd4 20. exf5 Nxf5 21. Qe2
g4 22. hxg4 hxg4 23. Qxe5 Qxe5 24. Nxe5 g3 25. fxg3 Kxc7 26. Kf2 Rf8 27. Nf3
Rd7 28. Rb2 Rg8 29. Rab1 Kc8 30. Ne5 Rc7 31. Nc4 Rcg7 32. Nxa5 Rxg3 33. Rg1 Nh4
34. Nxb7 Nxg2 35. Nd6+ Kd7 36. Ne4 R3g6 37. Rh1 Rf8+ 38. Ke2 Nf4+ 39. Ke3 Nd5+
40. Kd4 Ra8 41. c4 Rxa4 42. Rh7+ Kc8 43. Rf2 Rg8 44. Nd6+ Kb8 45. Rb2+ Ka8 46.
Rb3 Rd8 47. Nb7 Rb8 48. Nc5 Rxb3 49. Nxb3 Nf4 50. Nc5 Ra1 51. Ke5 Ne2 52. Kd6
Nd4 53. Rf7 Rh1 54. Rf4 Rh6+ 55. Kc7 Ne2 56. Rf2 Nc3 57. Rc2 Rh7+ 58. Nd7 1-0

[Event "Beloeil inv."]
[Site "Beloeil CAN"]
[Date "2006.04.30"]
[Round "4"]
[White "Bolduc, Steve"]
[Black "Kraiouchkine, Nikita"]
[Result "1-0"]
[WhiteElo "2275"]
[BlackElo "2066"]
[PlyCount "49"]
[EventDate "2006.04.28"]
[EventType "tourn"]
[EventRounds "5"]
[EventCountry "CAN"]

1. d4 d5 2. Nf3 Nf6 3. c4 e6 4. g3 c5 5. cxd5 exd5 6. Bg2 Nc6 7. O-O Bg4 8. Be3
c4 9. b3 Na5 10. Ne5 cxb3 11. axb3 Be7 12. Nc3 Bh5 13. b4 Nc6 14. b5 Nb4 15.
Qb3 Ne4 16. Nxe4 dxe4 17. Bxe4 f6 18. Bf3 fxe5 19. Bxh5+ g6 20. Bf3 exd4 21.
Bd2 Qd6 22. Rfb1 a5 23. bxa6 Nxa6 24. Bxb7 Ra7 25. Qb5+ 1-0

[Event "Paques"]
[Site "Montreal CAN"]
[Date "2006.04.14"]
[Round "1"]
[White "Kraiouchkine, Nikita"]
[Black "Deschamps, Richard"]
[Result "1-0"]
[WhiteElo "2112"]
[BlackElo "2004"]
[PlyCount "45"]
[EventDate "2006.04.14"]
[EventType "tourn"]
[EventRounds "5"]
[EventCountry "CAN"]

1. e4 c5 2. Nf3 d6 3. d4 cxd4 4. Nxd4 Nf6 5. Nc3 e6 6. Bg5 a6 7. f4 Nbd7 8. Qf3
Qc7 9. Bd3 Be7 10. Qh3 Nc5 11. f5 Nxd3+ 12. cxd3 Qb6 13. Be3 Qxb2 14. Rc1 e5
15. Nb3 Bd7 16. O-O Rc8 17. Rf2 Qa3 18. Rfc2 Qb4 19. g4 h5 20. g5 Ng4 21. Nd5
Qb5 22. Rxc8+ Bxc8 23. Nc7+ 1-0

[Event "Paques"]
[Site "Montreal CAN"]
[Date "2006.04.15"]
[Round "2"]
[White "Larochelle, Martial"]
[Black "Kraiouchkine, Nikita"]
[Result "1-0"]
[WhiteElo "2133"]
[BlackElo "2112"]
[PlyCount "61"]
[EventDate "2006.04.14"]
[EventType "tourn"]
[EventRounds "5"]
[EventCountry "CAN"]

1. Nf3 d5 2. d4 Nf6 3. c4 e6 4. Nc3 Bb4 5. Bg5 c5 6. cxd5 exd5 7. e3 Qa5 8.
Bxf6 gxf6 9. Qd2 c4 10. Be2 Bf5 11. O-O Nd7 12. a3 Bd6 13. e4 Bg4 14. Qe3 dxe4
15. Qxe4+ Be6 16. d5 Nc5 17. Qe3 b5 18. dxe6 Nxe6 19. Rfd1 Bc5 20. Qe4 O-O 21.
Nd5 Qd8 22. Qf5 Kg7 23. Nf4 Nxf4 24. Qxf4 Qb6 25. Nh4 Rfe8 26. Nf5+ Kh8 27. Qh6
Bxf2+ 28. Kf1 Rg8 29. Rd6 Rg6 30. Rxb6 Rxh6 31. Kxf2 1-0

[Event "Paques"]
[Site "Montreal CAN"]
[Date "2006.04.15"]
[Round "3"]
[White "Kraiouchkine, Nikita"]
[Black "Arsenault, Nicolas"]
[Result "0-1"]
[WhiteElo "2112"]
[BlackElo "2082"]
[PlyCount "190"]
[EventDate "2006.04.14"]
[EventType "tourn"]
[EventRounds "5"]
[EventCountry "CAN"]

1. e4 e6 2. d4 d5 3. e5 c5 4. c3 Nc6 5. Nf3 Bd7 6. a3 f6 7. b4 cxd4 8. cxd4 a6
9. exf6 Nxf6 10. Bf4 Be7 11. Bd3 O-O 12. Be5 Nxe5 13. Nxe5 Bb5 14. Nd2 Bxd3 15.
Nxd3 Bd6 16. Nf3 Ne4 17. O-O Rf5 18. Nfe5 Qh4 19. g3 Qh6 20. Rc1 Raf8 21. Rc2
Rh5 22. Ng4 Qg6 23. Nde5 Qe8 24. Qc1 Rhf5 25. Kg2 Qh5 26. Qe3 Ng5 27. f3 Qh3+
28. Kg1 Qh5 29. h4 Ne4 30. Kg2 Qe8 31. Re1 Nf6 32. Nd3 Nxg4 33. fxg4 R5f6 34.
Ne5 Bxe5 35. Qxe5 Qg6 36. Qe2 h6 37. Rc7 Rf2+ 38. Qxf2 Rxf2+ 39. Kxf2 Qxg4 40.
Rxb7 Qxd4+ 41. Re3 e5 42. a4 e4 43. b5 axb5 44. axb5 Qe5 45. b6 d4 46. Re1 e3+
47. Ke2 d3+ 48. Kxd3 Qd5+ 49. Kxe3 Qxb7 50. Rb1 Kf7 51. Kd4 Ke6 52. Rb5 Kd6 53.
Rb3 g6 54. Kc3 Kc5 55. Kb2 Kc4 56. Rc3+ Kd4 57. Rb3 Kc4 58. Rc3+ Kd5 59. Rb3
Kd6 60. Kc2 Kc6 61. Kb2 Qg7+ 62. Kc2 Kb7 63. Kb1 Qe5 64. Ka2 Qe1 65. Kb2 Qd2+
66. Ka3 Qd4 67. Ka2 Qd2+ 68. Ka3 Qc2 69. Rb4 Qd1 70. Kb2 Qe2+ 71. Ka3 Qe1 72.
Rg4 Qc3+ 73. Ka4 Qc2+ 74. Ka3 Qc1+ 75. Ka2 Qc2+ 76. Ka3 Kxb6 77. Rb4+ Kc5 78.
Rb3 Qc1+ 79. Rb2 Kd4 80. Ka2 Qxb2+ 81. Kxb2 h5 82. Kc2 Ke3 83. Kd1 Kf3 84. Ke1
Kxg3 85. Kf1 Kxh4 86. Kg2 Kg4 87. Kh2 g5 88. Kg2 Kf4 89. Kf2 g4 90. Kg2 h4 91.
Kh2 Kf3 92. Kg1 g3 93. Kh1 h3 94. Kg1 h2+ 95. Kh1 g2+ 0-1

[Event "Paques"]
[Site "Montreal CAN"]
[Date "2006.04.16"]
[Round "4"]
[White "Gadbois, Patrick"]
[Black "Kraiouchkine, Nikita"]
[Result "1-0"]
[WhiteElo "1893"]
[BlackElo "2112"]
[PlyCount "71"]
[EventDate "2006.04.14"]
[EventType "tourn"]
[EventRounds "5"]
[EventCountry "CAN"]

1. d4 d5 2. Nf3 Nf6 3. e3 c5 4. b3 Bf5 5. Bd3 Bg6 6. O-O e6 7. Bb2 cxd4 8. exd4
Bd6 9. Ne5 Nc6 10. Qe2 Qb6 11. Nxc6 bxc6 12. Nd2 Qc7 13. Nf3 Bh5 14. h3 Be7 15.
c4 g5 16. Qe5 Qd8 17. Nxg5 Rg8 18. Nxh7 Bf3 19. g3 Nh5 20. c5 Bh4 21. Kh2 Qa5
22. Qe3 Nxg3 23. Rg1 Qc7 24. Nf6+ Kd8 25. Qe5 Qe7 26. Nxg8 Qb7 27. Qd6+ Ke8 28.
fxg3 Rd8 29. Qf4 Qb4 30. Qxf3 Qd2+ 31. Qe2 Qg5 32. gxh4 Qf4+ 33. Kh1 Qxh4 34.
Qg4 Qf2 35. Rg2 Qe3 36. Qg3 1-0

[Event "Mauricie op"]
[Site "Trois-Rivieres CAN"]
[Date "2006.03.17"]
[Round "1"]
[White "Libersan, Thierry"]
[Black "Kraiouchkine, Nikita"]
[Result "0-1"]
[WhiteElo "2206"]
[BlackElo "2089"]
[PlyCount "70"]
[EventDate "2006.03.17"]
[EventType "swiss"]
[EventRounds "5"]
[EventCountry "CAN"]

1. e4 e5 2. Nf3 Nc6 3. Bb5 f5 4. Nc3 fxe4 5. Nxe4 d5 6. Nxe5 dxe4 7. Nxc6 Qd5
8. c4 Qd6 9. Nxa7+ Bd7 10. Bxd7+ Qxd7 11. Qh5+ g6 12. Qe5+ Kf7 13. Qxh8 Nf6 14.
O-O Rd8 15. Nb5 Bc5 16. Qxd8 Qxd8 17. a3 Ng4 18. h3 Ne5 19. b4 Bd4 20. Nxd4
Qxd4 21. Rb1 Nd3 22. c5 Ke6 23. Rb3 g5 24. Rxd3 Qxd3 25. Re1 Kd5 26. Re3 Qc2
27. Rc3 Qd1+ 28. Kh2 Qe1 29. Kg3 h5 30. h4 gxh4+ 31. Kxh4 Qxf2+ 32. Kxh5 Qxg2
33. Kh4 Ke5 34. d4+ Kf5 35. Rg3 Qh1+ 0-1

[Event "Mauricie op"]
[Site "Trois-Rivieres CAN"]
[Date "2006.03.18"]
[Round "2"]
[White "Kraiouchkine, Nikita"]
[Black "Lawson, Eric"]
[Result "0-1"]
[WhiteElo "2086"]
[BlackElo "2404"]
[PlyCount "100"]
[EventDate "2006.03.17"]
[EventType "swiss"]
[EventRounds "5"]
[EventCountry "CAN"]

1. e4 c5 2. Nf3 Nc6 3. d4 cxd4 4. Nxd4 Nf6 5. Nc3 e5 6. Ndb5 d6 7. Bg5 a6 8.
Na3 b5 9. Nd5 Be7 10. Bxf6 Bxf6 11. c3 Rb8 12. Nc2 Bg5 13. Nce3 O-O 14. Bd3 Be6
15. Bc2 a5 16. O-O Kh8 17. Kh1 g6 18. f4 exf4 19. Nxf4 Bxf4 20. Rxf4 Qg5 21.
Qf3 Ne5 22. Qf2 b4 23. c4 Nxc4 24. Bb3 Nxe3 25. Bxe6 Qxg2+ 26. Qxg2 Nxg2 27.
Rxf7 Nf4 28. Rxf8+ Rxf8 29. Bd7 Nd3 30. Bc6 Nxb2 31. Kg2 Rc8 32. Bd5 Na4 33.
Rf1 Nc3 34. Rf6 Nxd5 35. exd5 Rc2+ 36. Kf3 Rxa2 37. Rxd6 Kg7 38. Ke4 b3 39. Kd3
a4 40. Rb6 b2 41. d6 Kf6 42. Kc4 a3 43. Rb8 Ke6 44. Kc5 Ra1 45. Re8+ Kd7 46.
Re7+ Kd8 47. Rxh7 Rc1+ 48. Kd5 b1=Q 49. Rh8+ Kd7 50. Rh7+ Kc8 0-1

[Event "Mauricie op"]
[Site "Trois-Rivieres CAN"]
[Date "2006.03.18"]
[Round "3"]
[White "Boudreau, Daniel"]
[Black "Kraiouchkine, Nikita"]
[Result "1-0"]
[WhiteElo "1992"]
[BlackElo "2086"]
[PlyCount "55"]
[EventDate "2006.03.17"]
[EventType "swiss"]
[EventRounds "5"]
[EventCountry "CAN"]

1. e4 e5 2. Bc4 Nf6 3. d3 Nc6 4. f4 Bc5 5. Nf3 d6 6. Nc3 Bg4 7. Na4 Nd4 8. Nxc5
Bxf3 9. gxf3 dxc5 10. fxe5 Nh5 11. O-O b5 12. Bb3 a5 13. c3 Nxb3 14. axb3 Qh4
15. f4 Ra6 16. f5 g5 17. Qe2 g4 18. Qg2 Rg8 19. Be3 Kd7 20. d4 c4 21. bxc4 bxc4
22. d5 Qh3 23. Bc5 Rh6 24. e6+ fxe6 25. fxe6+ Kc8 26. Rxa5 Kb7 27. Rb5+ Kc8 28.
Ba7 1-0

[Event "Mauricie op"]
[Site "Trois-Rivieres CAN"]
[Date "2006.03.19"]
[Round "4"]
[White "Kraiouchkine, Nikita"]
[Black "Rodriguez, Aaron"]
[Result "1-0"]
[WhiteElo "2086"]
[BlackElo "1925"]
[PlyCount "67"]
[EventDate "2006.03.17"]
[EventType "swiss"]
[EventRounds "5"]
[EventCountry "CAN"]

1. e4 g6 2. d4 Bg7 3. Nc3 d6 4. Be3 Nf6 5. f3 Nbd7 6. Qd2 e5 7. O-O-O O-O 8.
Nge2 a6 9. Bh6 b5 10. h4 exd4 11. Nxd4 Ne5 12. Be2 c5 13. Nb3 Bxh6 14. Qxh6 b4
15. Nb1 Qc7 16. Qg5 Nh5 17. Qe3 a5 18. g4 Ng3 19. Rh2 Nxe2+ 20. Rxe2 a4 21.
N3d2 Be6 22. Rh1 c4 23. h5 Nd3+ 24. Kd1 Nxb2+ 25. Ke1 c3 26. Nf1 Bxa2 27. Ng3
Bxb1 28. Nf5 Rfe8 29. Qh6 f6 30. hxg6 Re7 31. gxh7+ Rxh7 32. Qg6+ Rg7 33. Qxf6
Rf8 34. Nh6+ 1-0

[Event "Mauricie op"]
[Site "Trois-Rivieres CAN"]
[Date "2006.03.19"]
[Round "5"]
[White "Bachand-Fleurent, Julien"]
[Black "Kraiouchkine, Nikita"]
[Result "0-1"]
[WhiteElo "2174"]
[BlackElo "2086"]
[PlyCount "48"]
[EventDate "2006.03.17"]
[EventType "swiss"]
[EventRounds "5"]
[EventCountry "CAN"]

1. e4 e5 2. Nf3 Nc6 3. d4 exd4 4. Bc4 Nf6 5. e5 Ne4 6. O-O Be7 7. Re1 d5 8. Bb5
O-O 9. Bxc6 bxc6 10. Nxd4 Qd7 11. f3 Ng5 12. h4 Ne6 13. Nf5 Bb4 14. c3 Ba5 15.
Kh2 Ba6 16. Qc2 Nc5 17. Nd4 Nd3 18. Re3 c5 19. Nb3 Bb6 20. c4 Nb4 21. Qd1 Bxc4
22. N1d2 Bd3 23. a3 c4 24. Re1 Nc2 0-1

[Event "Quebec-ch U12"]
[Site "Montreal CAN"]
[Date "2006.03.05"]
[Round "5"]
[White "Kraiouchkine, Nikita"]
[Black "Rozybakiyev, Ilchin"]
[Result "1-0"]
[WhiteElo "2114"]
[BlackElo "1556"]
[PlyCount "43"]
[EventDate "2006.03.03"]
[EventType "swiss"]
[EventRounds "5"]
[EventCountry "CAN"]

1. d4 Nf6 2. Nc3 d6 3. e4 g6 4. Bg5 Nc6 5. d5 Nb8 6. Qd2 h5 7. f4 Nh7 8. Bh4
Bg7 9. Nf3 Bg4 10. Be2 Nd7 11. Nd4 Bxe2 12. Ncxe2 Nc5 13. Nc3 Nf6 14. O-O-O Qd7
15. Rhe1 O-O-O 16. Ncb5 Kb8 17. Qa5 a6 18. b4 axb5 19. bxc5 dxc5 20. Nxb5 Qg4
21. Qxc7+ Ka8 22. Rd3 1-0

[Event "Pere Noel"]
[Site "Montreal CAN"]
[Date "2005.12.26"]
[Round "1"]
[White "Luksza, Arkadiusz"]
[Black "Kraiouchkine, Nikita"]
[Result "1-0"]
[WhiteElo "2192"]
[BlackElo "2072"]
[PlyCount "61"]
[EventDate "2005.12.26"]
[EventType "swiss"]
[EventRounds "5"]
[EventCountry "CAN"]

1. Nf3 d5 2. d4 e6 3. g3 c5 4. Bg2 Nc6 5. O-O Nf6 6. c4 cxd4 7. Nxd4 Bc5 8.
Nxc6 bxc6 9. Qc2 Bb6 10. Nc3 Bb7 11. Bg5 O-O 12. Rad1 h6 13. Bc1 Qc7 14. b3
Rfd8 15. Bb2 d4 16. Ne4 Nxe4 17. Qxe4 e5 18. b4 a5 19. c5 Ba7 20. a3 axb4 21.
axb4 Ba6 22. Qxc6 Qxc6 23. Bxc6 Bxe2 24. Bxa8 Bxd1 25. Rxd1 Rxa8 26. Ra1 Rb8
27. Rxa7 Rxb4 28. c6 Kh7 29. c7 Rc4 30. Kf1 e4 31. Bxd4 1-0

[Event "Pere Noel"]
[Site "Montreal CAN"]
[Date "2005.12.27"]
[Round "2"]
[White "Robichaud, Louis"]
[Black "Kraiouchkine, Nikita"]
[Result "0-1"]
[WhiteElo "2178"]
[BlackElo "2072"]
[PlyCount "60"]
[EventDate "2005.12.26"]
[EventType "swiss"]
[EventRounds "5"]
[EventCountry "CAN"]

1. e4 e5 2. Nf3 Nc6 3. Bb5 f5 4. Nc3 fxe4 5. Nxe4 d5 6. Ng3 Qf6 7. Qe2 Bd6 8.
d4 e4 9. Nxe4 dxe4 10. d5 a6 11. dxc6 axb5 12. cxb7 Bb4+ 13. Nd2 Bxd2+ 14. Bxd2
Bxb7 15. Bc3 Qg5 16. h4 Qe7 17. O-O-O Nf6 18. Bxf6 Qxf6 19. Qxb5+ Bc6 20. Qc4
Ra4 21. Qb3 Ke7 22. a3 Rd4 23. Rde1 Qxf2 24. Qc3 Qf4+ 25. Kb1 Qd6 26. Qe3 Rf8
27. g4 Kd7 28. Rh3 Rd1+ 29. Ka2 Rxe1 30. Qxe1 Rf3 0-1